[Event "38th IND-chT 2018"]
[Site "Patia"]
[Date "2018.02.11"]
[Round "5"]
[White "Badamundi Tapan"]
[Black "Visakh N R"]
[Result "0-1"]
[WhiteElo "1706"]
[BlackElo "2457"]
[Annotator "TA"]
[PlyCount "96"]
[EventDate "2018.??.??"]
[EventType "team-tourn"]
[EventCountry "IND"]
[SourceTitle "playchess.com"]
[Source "ChessBase"]
[SourceQuality "1"]

{[%evp 18,96,14,0,33,3,0,-7,9,-18,5,-4,-4,-15,9,-49,-52,-52,-43,-45,-39,-43,-46,-63,-37,-42,-36,-37,-29,-37,-21,-23,0,-18,39,0,0,0,11,0,0,0,0,0,0,-33,0,0,0,-17,-8,-67,-55,-87,0,-6,0,-10,0,0,7,0,21,6,0,-89,-81,-1083,-1072,-1070,-1057,-1447,-1431,-1692,-1445,-29994,291,-29995,-29996,-29996,-316]} 1. Nf3 Nf6 2. g3 d5 3. Bg2 c6 4. O-O Bf5 5. d3 h6 6. Nbd2 e6 7. b3 Be7 8. Bb2 O-O 9. e3 Bh7 {A07: Réti Opening: New York and Capablanca Systems} 10. Qe2 {LiveBook: 7 Games} c5 11. Rfc1 $146 ({Find the theoretical novelty and annotate with similar games:} 11. Ne5 Nfd7 12. Nxd7 Qxd7 13. e4 Nc6 14. Qg4 d4 15. a4 Rad8 16. Nc4 e5 17. Qh5 {0-1 (46) Bauza,A-Dlugy,M (2485) Mendoza 1985}) 11... Nc6 {The position is equal.} 12. a3 Rc8 13. Ne1 Qc7 14. c4 Rfd8 15. cxd5 exd5 16. d4 ({White should play} 16. b4 $11) 16... cxd4 $15 17. exd4 Re8 {[#] And now ...Bxa3! would win.} 18. Qd1 Qb6 19. Nef3 Rcd8 20. Nf1 Bd6 21. Ne3 Be4 22. Nh4 Bxg2 23. Kxg2 Bf8 24. Qd3 Re4 25. Nf3 Rde8 ({Better is} 25... h5 $11) 26. Re1 {aiming for Nxd5!} R4e6 27. Rac1 Bd6 28. h3 g6 29. Nh4 Kg7 30. Nf3 a6 31. Nd2 Qd8 32. Nf3 Kh7 33. Rcd1 Bb8 34. Rc1 (34. b4 $11) 34... Ne4 35. Rc2 Nf6 (35... f5 $17) 36. Rce2 Bd6 37. Nd2 Qe7 38. b4 b5 39. Nb3 Qd7 40. Nc5 Bxc5 $1 41. dxc5 (41. bxc5 $11 Na5 42. Bc1) 41... d4 $17 {Threatens to win with ...Ne5.} 42. Rd1 $2 {[%mdl 8192]} (42. Ng4 $17 Qd5+ 43. Qf3 Qxf3+ 44. Kxf3) 42... Qb7 $19 43. Kg1 Ne5 {[%cal Bc6e5,Be5f3,Bf3d2][%mdl 32]} 44. Qb1 Nf3+ 45. Kf1 {[#]} Nd2+ $1 {[%mdl 512]} 46. Rexd2 (46. Rdxd2 Qh1#) 46... Qh1+ 47. Ke2 Rxe3+ $1 48. fxe3 Rxe3+ {Precision: White = 31%, Black = 43%.} 0-1

[Event "38th IND-chT 2018"]
[Site "Patia"]
[Date "2018.02.11"]
[Round "5"]
[White "Badamundi Tapan"]
[Black "Visakh N R"]
[Result "*"]
[WhiteElo "1706"]
[BlackElo "2457"]
[Annotator "TA"]
[PlyCount "33"]
[EventDate "2018.??.??"]
[EventType "team-tourn"]
[EventCountry "IND"]
[SourceTitle "playchess.com"]
[Source "ChessBase"]
[SourceQuality "1"]

{[%evp 18,19,15,12]} 1. Nf3 Nf6 2. g3 d5 3. Bg2 c6 4. O-O Bf5 5. d3 h6 6. Nbd2 e6 7. b3 Be7 8. Bb2 O-O 9. e3 Bh7 {A07: Réti Opening: New York and Capablanca Systems} (9... a5 10. a4 Bh7 11. Qe2 Na6 12. Ne5 Nb4 13. Ndf3 Ne8 14. Nd4 Nc7 15. f4 f6 16. Ng4 c5 17. Nf3 Qd7 18. e4 c4 19. bxc4 dxe4 20. dxe4 {½-½ (36) Movsziszian,K (2483)-Speelman,J (2511) Hersonissos 2017}) 10. Qe2 {LiveBook: 7 Games} {Find the theoretical novelty and annotate with similar games:} Nbd7 $146 11. e4 dxe4 12. dxe4 Nc5 13. Ne5 a5 14. a3 Qb6 15. Kh1 Rfd8 16. f3 Qc7 17. Rfd1 {½-½ (17) Paschall,W (2352)-Pitl,G (2403) Budapest 2007} *

[Event "38th IND-chT 2018"]
[Site "Patia"]
[Date "2018.02.11"]
[Round "6"]
[White "Ganguly, Surya Shekhar"]
[Black "Deepan Chakkravarthy J."]
[Result "1-0"]
[WhiteElo "2650"]
[BlackElo "2516"]
[Annotator "TA"]
[PlyCount "73"]
[EventDate "2018.??.??"]
[EventType "team-tourn"]
[EventCountry "IND"]
[SourceTitle "playchess.com"]
[Source "ChessBase"]
[SourceQuality "1"]

{[%evp 16,73,37,24,71,87,62,68,72,84,90,-60,-58,-58,-63,-66,-61,-57,-47,-76,0,-40,0,-77,0,-27,-27,-37,63,0,0,-26,0,0,0,0,18,36,39,17,32,41,29,0,274,266,265,247,255,234,347,361,363,384,673,369,12839,12839,12840,12838]} 1. e4 c5 2. Nf3 e6 3. d4 cxd4 4. Nxd4 Nc6 5. Nc3 a6 6. Be3 Nf6 7. Qd2 Bb4 {B46: Sicilian: Taimanov: 5 Nc3 a6} 8. f3 d5 9. O-O-O {LiveBook: 20 Games} (9. a3 Qa5 10. exd5 Nxd5 11. Nb3 Bxc3 12. Nxa5 Bxd2+ 13. Bxd2 Nxa5 14. Bxa5 Ne3 15. Kf2 Nxf1 16. Rhxf1 O-O 17. Rfd1 e5 18. Rd6 Bf5 19. c4 {½-½ (19) Shankland,S (2661)-Safarli,E (2678) Biel 2016}) 9... e5 {White has an edge.} 10. Nxc6 bxc6 11. a3 ({But not} 11. exd5 Nxd5 12. Bc4 Bxc3 $17) 11... Bxc3 $146 ({Predecessor:} 11... Ba5 12. b4 d4 13. bxa5 Qe7 14. Nb1 dxe3 15. Qd6 Qxd6 16. Rxd6 {½-½ (43) Smirnov,I (2439)-Geller,J (2531) Lvov 2007}) 12. Qxc3 ({Inferior is} 12. bxc3 Qe7 $17) 12... d4 13. Bxd4 (13. Qc5 $16 Qc7 14. Bg5) 13... exd4 $15 14. Qxc6+ Bd7 15. Qc5 Qe7 16. Qxd4 Be6 17. Qa4+ Bd7 18. Qd4 Be6 19. Qa4+ $1 {[#]} Bd7 (19... Nd7 $1 $17 {...0-0 is the strong threat.} 20. Bc4 Bxc4 21. Qxc4 O-O) 20. Qa5 O-O 21. e5 Nh5 ({Black should try} 21... Ne8 $1 $15) 22. e6 (22. g4 $1 $14) 22... Bb5 $1 $11 23. exf7+ Kh8 24. Bxb5 axb5 25. Qxb5 Nf4 26. Rhe1 Qxf7 {White must now prevent ...Qa2.} 27. Rd7 $36 {[%mdl 2048] White has some pressure.} Qg6 28. g3 Rac8 {[%csl Gc8][%cal Rg6c2]} 29. Qb3 Ng2 $2 {[%mdl 8192] [#]} (29... Rfe8 $11 {and Black stays safe.} 30. Re4 Rxe4 31. fxe4 Ne2+ 32. Kb1 Rf8) 30. Re2 $1 $18 Qh6+ 31. f4 Qxh2 32. Kb1 Qg1+ (32... Qh3 $142) 33. Ka2 Nxf4 34. gxf4 Rxf4 $2 (34... h6 35. Ree7 Rg8) 35. Qd5 Rg8 $2 (35... Qf1) 36. Rd8 {[%csl Gd5][%cal Rd8g8]} Rff8 37. Rxf8 {Precision: White = 66%, Black = 41%.} 1-0

[Event "38th IND-chT 2018"]
[Site "Patia"]
[Date "2018.02.11"]
[Round "6"]
[White "Gopal G.N."]
[Black "Swapnil, S. Dhopade"]
[Result "1/2-1/2"]
[WhiteElo "2593"]
[BlackElo "2531"]
[Annotator "TA"]
[PlyCount "59"]
[EventDate "2018.??.??"]
[EventType "team-tourn"]
[EventCountry "IND"]
[SourceTitle "playchess.com"]
[Source "ChessBase"]
[SourceQuality "1"]

{[%evp 16,59,22,27,15,11,13,8,8,4,22,19,19,19,19,26,26,20,34,31,26,15,51,14,27,0,12,14,8,6,13,3,5,19,26,0,27,0,0,0,24,0,0,0,45,0]} 1. e4 c6 2. d4 d5 3. e5 Bf5 4. Nf3 e6 5. Be2 Ne7 6. c3 Nd7 7. O-O h6 8. a4 {B12: Caro-Kann (Vorstoß-Variante)} Bh7 9. a5 {LiveBook: 4 Partien} Bxb1 10. Rxb1 {Die Stellung ist ausgeglichen.} Qxa5 11. b4 Qc7 12. Ra1 $146 ({Vorgänger:} 12. Ne1 a6 13. f4 g6 14. g4 f5 {0-1 (33) Karjakin,S (2775)-Ding,L (2702) Beijing 2012}) 12... b5 13. Bd2 Nb6 14. Qc2 Nc4 15. Ra6 Nc8 {[%cal Be7c8,Bc8b6,Bb6a4][%mdl 32]} 16. Rfa1 Be7 17. Bc1 {[%mdl 1024] Weiss hat Kompensation.} N8b6 18. R6a2 Bd8 19. Bd3 Na4 20. g3 Qb7 (20... Ncb6 {feels hotter.} 21. Nd2 O-O 22. Nb3 Nc4 23. Nd2 Ncb6) 21. Bxc4 dxc4 22. Nd2 $1 Nb6 23. Ne4 {[#] zielt auf Sd6+ ab.} Be7 24. Qe2 Nd5 25. Ra3 a6 26. Qa2 (26. Qg4 $5 {[%cal Rg4g7]} Kf8 27. h4 $14) 26... Nc7 27. Qe2 Nd5 28. Qa2 Nc7 29. Qe2 Nd5 30. Qa2 {Precision: Weiß = 41%, Schwarz = 53%.} 1/2-1/2

[Event "38th IND-chT 2018"]
[Site "Patia"]
[Date "2018.02.11"]
[Round "6"]
[White "Narayanan.S.L"]
[Black "Debarshi, Mukherjee"]
[Result "1-0"]
[WhiteElo "2573"]
[BlackElo "2303"]
[Annotator "TA"]
[PlyCount "91"]
[EventDate "2018.??.??"]
[EventType "team-tourn"]
[EventCountry "IND"]
[SourceTitle "playchess.com"]
[Source "ChessBase"]
[SourceQuality "1"]

{[%evp 17,91,8,27,4,32,15,27,17,14,11,17,24,17,18,18,19,13,16,42,14,15,16,12,0,61,32,32,0,6,-23,-13,-22,-22,-46,-51,-37,11,9,9,4,14,10,10,0,0,0,0,-10,0,-11,-13,-14,0,0,0,0,10,8,8,8,149,148,120,134,470,440,451,450,474,470,552,552,524,504,835,810]} 1. d4 Nf6 {[%cal Bg8f6,Bf6d7,Bd7b6][%mdl 32]} 2. c4 g6 3. g3 c6 4. Bg2 d5 5. Qa4 (5. Nf3 Bg7 6. Qb3 O-O 7. O-O Qb6 8. Nc3 Rd8 9. h3 Bf5 10. Bf4 Na6 11. Qxb6 axb6 12. cxd5 Nxd5 13. Nxd5 Rxd5 14. Be5 Bxe5 15. dxe5 Be4 16. Rfd1 Bxf3 17. Bxf3 Rxe5 {0-1 (68) Li,C (2732)-Vachier Lagrave,M (2789) Riadh 2017}) 5... Nfd7 6. cxd5 {D71: Grünfeldindisch (Fianchetto)} Nb6 7. Qb3 cxd5 8. Nc3 Nc6 9. e3 e6 {LiveBook: 4 Partien} 10. h4 $146 ({Vorgänger:} 10. Nge2 Bg7 11. a4 O-O 12. h4 Qe7 {1-0 (57) Adly,A (2625)-Gupta,A (2619) Mansa 2017}) 10... h6 11. Nge2 Bg7 12. Nf4 Nc4 13. Qd1 Qa5 14. O-O O-O 15. Nd3 Nd6 16. a4 Qd8 17. b3 b6 18. Ba3 Ba6 19. Re1 {[%cal Bf1e1,Be1e2,Be2c2][%mdl 32]} Re8 20. Re2 Re7 (20... Rc8 $11) 21. Rc2 {Und weiter mit h5 wäre nett.} Rc7 22. Rac1 {[#] zielt auf Lxd6 ab.} Rac8 23. Bxd5 Nxd4 $1 24. exd4 {Sb4 ist eine echte Drohung.} exd5 25. Nb4 Bb7 26. Nbxd5 Bxd5 27. Nxd5 Rxc2 28. Rxc2 Rxc2 29. Qxc2 Nf5 30. Qc4 Qe8 31. Bb4 Qe4 32. Nc3 (32. Qc8+ {looks sharper.} Kh7 33. Qd7 Qb1+ 34. Kg2 Qe4+ 35. Kg1) 32... Qxd4 (32... Qe1+ {with more complications.} 33. Qf1 Qe8 34. Nd5 Bxd4 35. Qc4 Qe5) 33. Qxd4 (33. Ne4 {feels hotter.} Qxc4 34. bxc4 Nd4 35. c5 f5 36. Nd6) 33... Nxd4 $11 {[%mdl 4096] Endspiel KLS-KLS} 34. Nb5 Nxb3 35. Nxa7 Bd4 36. Kf1 Nc5 37. Nc6 Nd3 $1 38. Bd2 Bg7 {[#]} (38... Bc5 $11 {bleibt in der Remisbreite.}) 39. Ne7+ $1 $16 Kf8 40. Nd5 Bd4 $2 {[%mdl 8192]} (40... Nc5 $16) 41. Bxh6+ $18 {Weiß steht klar auf Gewinn.} Ke8 42. Be3 Bxe3 43. fxe3 ({Weniger gut wäre} 43. Nxe3 Nc5 $14) 43... Kd7 44. Nxb6+ Kc6 45. Nc4 Kc5 (45... Nc5 $142 46. g4 Kd7) 46. a5 {Precision: Weiß = 51%, Schwarz = 41%.} 1-0

[Event "38th IND-chT 2018"]
[Site "Patia"]
[Date "2018.02.11"]
[Round "6"]
[White "Thejkumar, M. S."]
[Black "Karthikeyan, Murali"]
[Result "1/2-1/2"]
[WhiteElo "2500"]
[BlackElo "2585"]
[Annotator "TA"]
[PlyCount "86"]
[EventDate "2018.??.??"]
[EventType "team-tourn"]
[EventCountry "IND"]
[SourceTitle "playchess.com"]
[Source "ChessBase"]
[SourceQuality "1"]

{[%evp 23,86,23,16,17,38,51,44,13,54,53,127,135,131,119,139,130,196,187,227,204,204,200,200,200,207,208,216,222,220,96,106,95,104,107,99,97,99,93,91,81,83,85,104,89,84,96,101,32,40,24,24,24,24,24,24,0,0,0,0,0,0,0,0,0,0]} 1. d4 Nf6 2. c4 g6 3. Nc3 Bg7 4. e4 d6 5. Be2 O-O 6. Bg5 c5 7. d5 h6 8. Bf4 e6 9. dxe6 Bxe6 10. Bxd6 Re8 11. e5 {E74: King's Indian: Averbakh Variation: 6...c5} Nfd7 12. f4 g5 {LiveBook: 3 Games} (12... Nc6 13. Nf3 f6 14. O-O fxe5 15. Bd3 Bf7 16. f5 gxf5 17. Bxf5 Nb6 18. Bxc5 Qxd1 19. Rfxd1 Nxc4 20. b3 Nd4 21. Be4 Rac8 22. bxc4 Rxc5 23. Bxb7 Rxc4 24. Ne4 Rd8 {½-½ (24) Fier,A (2632)-Nataf,I (2534) Montpellier 2015}) 13. Qb3 $146 ({Predecessor:} 13. Nf3 gxf4 14. Qc2 Nc6 15. O-O-O Qc8 16. Rhf1 Ndxe5 17. Nxe5 Nxe5 18. Rxf4 Ng6 {½-½ (28) Rada,H (2406)-Ritsema,R (2427) ICCF email 2016}) 13... Nc6 14. Qxb7 Nd4 15. O-O-O gxf4 16. Nf3 Qb6 {[#]} (16... Nxe2+ $14 17. Nxe2 Bxc4 18. Nxf4 Bxa2) 17. Qe4 $1 $16 {[%cal Rf3d4]} Nxe2+ 18. Nxe2 Qa6 19. Nxf4 Qxa2 (19... Qxc4+ $16 {might work better.} 20. Qxc4 Bxc4) 20. Nxe6 $18 fxe6 21. Rhf1 Nb6 22. Nd2 {Threatens to win with Kc2.} (22. Bxc5 $2 Rac8 $19) 22... Rab8 23. Qb1 (23. Bxc5 Na4 $17) 23... Qxb1+ 24. Kxb1 Na4 25. Bxb8 Rxb8 26. b3 (26. Ka2 $18 {has better winning chances.}) 26... Nc3+ $16 27. Kc2 Nxd1 28. Rxd1 Bxe5 {[%mdl 4096] Endgame KRB-KRN} 29. Nf3 Bf6 30. Rd7 Ra8 31. Rc7 a5 32. Rxc5 a4 33. bxa4 Rxa4 34. Kb3 Ra1 35. Rc7 ({White should play} 35. Rh5 $16) 35... Rb1+ $14 36. Kc2 Rb2+ 37. Kd3 {Strongly threatening c5.} Rxg2 38. c5 Ra2 39. c6 Ra3+ {The position is equal.} 40. Ke4 {[#] Rb7 is the strong threat.} Ra4+ 41. Kd3 {Hoping for Rb7.} Ra3+ 42. Ke4 {And now Rb7 would win.} Ra4+ 43. Kd3 {Black must now prevent Rb7.} Ra3+ {Precision: White = 62%, Black = 82%.} 1/2-1/2

[Event "38th IND-chT 2018"]
[Site "Patia"]
[Date "2018.02.11"]
[Round "6"]
[White "Karthikeyan, P.."]
[Black "Adhiban, B.."]
[Result "0-1"]
[WhiteElo "2464"]
[BlackElo "2643"]
[Annotator "TA"]
[PlyCount "50"]
[EventDate "2018.??.??"]
[EventType "team-tourn"]
[EventCountry "IND"]
[SourceTitle "playchess.com"]
[Source "ChessBase"]
[SourceQuality "1"]

{[%evp 10,50,35,11,41,0,12,6,9,12,13,13,10,15,25,2,9,3,11,0,0,0,-7,-23,-22,-36,-16,-116,-114,-129,-129,-243,-236,-246,-241,-380,-385,-428,-413,-484,-484,-485,-485]} 1. d4 Nf6 2. c4 e6 3. Nc3 Bb4 4. Qc2 d6 5. Nf3 Nbd7 6. Bd2 b6 {E32: Nimzo-Indian: Classical (4 Qc2): 4...0-0} 7. g3 Bb7 8. Bg2 O-O {The position is equal.} 9. O-O c5 (9... h6 10. Rfd1 Bxc3 11. Bxc3 Be4 12. Qd2 a5 13. b3 Qb8 14. Bh3 Re8 15. Ne1 {0-1 (38) Sargissian,G (2702)-Wang,H (2717) Huaian 2016}) 10. dxc5 Nxc5 11. Rfd1 Qe7 12. b3 Rac8 13. Qb2 Rfd8 14. Be1 $146 ({Predecessor:} 14. Rac1 h6 {½-½ (41) Kakageldyev,A (2415)-Jussupow,A (2450) Ashkhabad (Turkmenistan) 1978}) 14... h6 15. Bh3 a5 16. Nd4 d5 17. cxd5 Nxd5 18. Ndb5 (18. Nxd5 $11 Bxd5 19. Bxb4 axb4 20. f3) 18... Nxc3 $17 19. Bxc3 Ne4 {[%cal Bc5e4,Be4c3,Bc3e2][%mdl 32]} 20. Bd4 {[#]} (20. Rxd8+ $17 {was necessary.} Rxd8 21. Bxb4 Qxb4 22. Qe5) 20... Rxd4 $1 $19 {[%mdl 512]} 21. Rxd4 {[#]} (21. Qxd4 Bc5) 21... Qf6 $1 $40 {[%cal Rf6f2][%mdl 128] White is in trouble.} 22. e3 (22. Rf1 $142 Ba6 23. a3) 22... Nc3 {And now ...Qf3 would win.} (22... Ng5 $2 23. Bg4 $19) 23. Rd7 Bc6 {( -> ...Qf3)} 24. Na7 Bxd7 25. Nxc8 {[#]} Ne2+ $1 {[%mdl 512] Precision: White = 43%, Black = 63%.} 0-1

[Event "38th IND-chT 2018"]
[Site "Patia"]
[Date "2018.02.11"]
[Round "6"]
[White "Bakre, Tejas"]
[Black "Barath Kalyan M"]
[Result "1/2-1/2"]
[WhiteElo "2444"]
[BlackElo "2127"]
[Annotator "TA"]
[PlyCount "78"]
[EventDate "2018.??.??"]
[EventType "team-tourn"]
[EventCountry "IND"]
[SourceTitle "playchess.com"]
[Source "ChessBase"]
[SourceQuality "1"]

{[%evp 17,78,9,13,12,29,31,31,25,36,26,27,28,46,35,33,44,38,18,52,40,53,0,56,62,82,58,58,43,369,366,345,170,341,-97,-101,-124,-114,-471,-102,-119,-126,-120,-77,-78,268,268,266,268,267,252,263,266,245,250,314,294,307,304,383,315,363,0,0]} 1. e4 c5 2. Nf3 e6 3. d4 cxd4 4. Nxd4 a6 5. Bd3 Nc6 6. Nxc6 dxc6 7. Nd2 e5 8. Nc4 Nf6 {B42: Sicilian: Kan Variation: 5 Bd3} 9. Bd2 (9. O-O Qc7 10. a4 Be6 11. Qe2 Bc5 12. a5 Bxc4 13. Bxc4 Bb4 14. Bg5 Ng8 15. f4 f6 16. Bh4 exf4 17. Bxg8 Bc5+ 18. Kh1 {1-0 (26) Leko,P (2691)-Quparadze,G (2506) Riadh 2017}) 9... Bc5 {LiveBook: 3 Games} 10. O-O Bg4 11. Qe1 Qe7 12. Bc3 $146 ({Predecessor:} 12. b4 Bd4 13. Bc3 Rd8 14. Bxd4 Rxd4 15. f4 exf4 16. e5 Nd5 17. Nd6+ Kf8 18. Bf5 Bxf5 19. Nxf5 Qxb4 20. Nxd4 Qxd4+ 21. Qf2 Qxf2+ 22. Kxf2 {½-½ (22) Campora,D (2545)-Cifuentes Parada,R (2521) Dos Hermanas 2005}) 12... Nd7 $1 13. b4 Ba7 14. Kh1 O-O 15. f4 exf4 $1 16. Rxf4 Be6 17. e5 Rfd8 18. Nd6 $36 {[%cal Bc4d6,Bd6f5,Bf5e7][%mdl 2080] White has some pressure.} Nf8 $1 {[%cal Bd7f8,Bf8g6,Bg6e7,Be7g8][%mdl 32]} 19. Qe4 (19. Rf1 $14) 19... Bb8 (19... Ng6 $11) 20. Nf5 $1 $14 {[%cal Rf5e7]} Qd7 21. Raf1 Ng6 $1 22. R4f2 Qd5 $2 {[%mdl 8192] [#]} (22... Ba7 $14) 23. Ne7+ $1 $18 {[%mdl 512]} Nxe7 24. Qxh7+ Kf8 25. Rxf7+ $2 (25. Qh8+ $18 Ng8 26. Bg6) 25... Bxf7 $17 {[#]} 26. e6 $1 {[%mdl 512]} Qxe6 27. Qh8+ Ng8 28. Qxg7+ Ke8 29. Re1 Qxe1+ 30. Bxe1 {[#] Bg6 is the strong threat.} Bd6 $2 {[%mdl 8192]} (30... Rd6 $1 $17) 31. Bg6 $18 Bxg6 32. Qxg8+ (32. Qxg6+ $2 Kd7 $17) 32... Kd7 33. Qxg6 Re8 {[%cal Re8e1]} 34. Bg3 Bxg3 35. Qxg3 Rad8 36. h4 Kc8 37. Kh2 Rg8 38. Qe5 Rde8 39. Qd6 $2 ({White should try} 39. Qf5+ $18 Kb8 40. g4) 39... Re2 {Precision: White = 78%, Black = 50%.} 1/2-1/2

[Event "38th IND-chT 2018"]
[Site "Patia"]
[Date "2018.02.11"]
[Round "6"]
[White "Das, Arghyadip"]
[Black "Sudhakar Prem Dutt"]
[Result "1-0"]
[WhiteElo "2443"]
[BlackElo "1737"]
[Annotator "TA"]
[PlyCount "63"]
[EventDate "2018.??.??"]
[EventType "team-tourn"]
[EventCountry "IND"]
[SourceTitle "playchess.com"]
[Source "ChessBase"]
[SourceQuality "1"]

{[%evp 9,63,13,22,16,23,14,40,14,27,14,47,50,41,10,67,74,127,116,149,145,152,127,102,105,104,95,124,100,174,164,262,198,204,207,452,442,640,621,694,686,1428,1383,1592,1579,2025,1759,5669,5377,29990,29991,29991,29992,29992,29993,29993,29994]} 1. e4 c5 2. Nc3 g6 3. d4 cxd4 4. Qxd4 Nf6 5. Bg5 (5. e5 Nc6 6. Qf4 Nh5 7. Qe4 d6 8. Bb5 dxe5 9. Nf3 Bd7 10. Bg5 h6 11. Bh4 Nf6 12. Bxf6 exf6 {0-1 (46) Caruana,F (2802)-Hou,Y (2652) chess.com INT 2017}) 5... Bg7 6. Qd2 {B23: Closed Sicilian: Lines without g3} Nc6 7. f3 d6 8. Bc4 {White is slightly better.} O-O 9. Bb3 Bd7 10. Nge2 Rc8 11. Bh6 $146 ({Predecessor:} 11. h4 h5 12. O-O-O Qa5 {1-0 (25) Das,A (2435)-Green,A (2139) Glasgow 2014}) 11... Na5 (11... Be6 $11) 12. h4 $14 Nc4 (12... Rc5 $142) 13. Bxc4 $1 $16 Rxc4 {[#]} 14. h5 $1 {[%mdl 512]} Qa5 ({Don't blunder} 14... Nxh5 $2 15. Rxh5 $1 {[%mdl 512]} Bxc3 16. Nxc3 $18) 15. hxg6 fxg6 16. Bxg7 Kxg7 17. Qh6+ ({Of course not} 17. b3 $6 Rcc8 $11) 17... Kf7 18. g4 {[%cal Bg2g4,Bg4g5][%mdl 32] g5 is the strong threat.} Rh8 (18... g5 $16 {is a better defense.}) 19. O-O-O Be6 (19... Bc6 $142 20. Kb1 g5) 20. g5 $18 Nd7 {[#]} 21. f4 $1 {[%cal Rf4f5]} Bg4 $2 {[#]} (21... Ke8 {was worth a try.} 22. a3 Qc5) 22. f5 $1 {[%mdl 512]} Ne5 {[#]} (22... Rcc8 $142 23. Rd5 Qa6) (22... gxf5 23. g6+) 23. f6 $1 {[%mdl 512]} exf6 24. gxf6 {Qg7+ would kill now.} Kxf6 25. Rxd6+ Ke7 26. Rd5 Qc7 27. Qg5+ Kf8 28. Rf1+ Nf7 29. Rd8+ {White mates.} Kg7 30. Qf6+ Kh6 31. Rh1+ Bh5 32. Rd5 {Precision: White = 78%, Black = 15%.} 1-0

[Event "38th IND-chT 2018"]
[Site "Patia"]
[Date "2018.02.11"]
[Round "6"]
[White "Nitin, S.."]
[Black "Thanki, Hemal Karsanji"]
[Result "1-0"]
[WhiteElo "2402"]
[BlackElo "2073"]
[Annotator "ChessBase"]
[PlyCount "177"]
[EventDate "2018.??.??"]
[EventType "team-tourn"]
[EventCountry "IND"]
[SourceTitle "playchess.com"]
[Source "ChessBase"]
[SourceQuality "1"]
[TimeControl "5400+30"]

1. e4 c5 2. Nf3 d6 3. d4 cxd4 4. Qxd4 a6 5. h3 Nc6 6. Qe3 g6 7. c4 Bh6 8. Qc3 Qa5 9. Qxa5 Nxa5 10. Nc3 Be6 11. Nd5 Rc8 12. Bxh6 Nxh6 13. b3 Nc6 14. Be2 f6 15. O-O Nf7 16. Rfd1 g5 17. Ne1 Nfe5 18. Nc2 Kf7 19. Nce3 Ng6 20. Bf1 h5 21. Nf5 h4 22. Rac1 Bxf5 23. exf5 Nf4 24. Ne3 Ne5 25. b4 a5 26. a3 b6 27. Rb1 axb4 28. axb4 Ra8 29. Ra1 Nc6 30. Rxa8 Rxa8 31. g3 hxg3 32. fxg3 Ra3 33. b5 Na5 34. Kf2 Nh5 35. Re1 Kf8 36. h4 Nb3 37. Be2 Ra2 38. hxg5 fxg5 39. Nd5 Nd4 40. Nxb6 Nxg3 41. Kxg3 Nxe2+ 42. Kg4 Nd4 43. Nd5 Rg2+ 44. Kh3 Rb2 45. Rxe7 Nxf5 46. Rc7 Ke8 47. b6 Kd8 48. Kg4 Ne3+ 49. Nxe3 Rxb6 50. Rg7 Rb3 51. Kf3 g4+ 52. Ke4 g3 53. Rxg3 Kd7 54. Kd4 Kc6 55. Rg6 Rb2 56. Rg2 Rb1 57. Ra2 Rh1 58. Ra6+ Kd7 59. Ra7+ Kc6 60. Re7 Rh4+ 61. Re4 Rh1 62. Rg4 Ra1 63. Rg3 Rh1 64. Nf5 Rf1 65. Ne7+ Kd7 66. Nd5 Rd1+ 67. Ke4 Re1+ 68. Kd3 Rd1+ 69. Kc2 Rh1 70. Rg7+ Ke6 71. Re7+ Kf5 72. Re3 Rg1 73. Kc3 Rb1 74. Kd4 Rd1+ 75. Rd3 Rh1 76. Re3 Rd1+ 77. Kc3 Rb1 78. Re2 Ra1 79. Nb4 Rd1 80. Nc2 Rb1 81. Nd4+ Kf4 82. Re6 Rc1+ 83. Nc2 Rd1 84. Re1 Rxe1 85. Nxe1 Ke5 86. Nd3+ Ke4 87. Nb4 Ke5 88. Kd3 Ke6 89. Kd4 1-0

[Event "38th IND-chT 2018"]
[Site "Patia"]
[Date "2018.02.11"]
[Round "6"]
[White "Rajesh, V A V"]
[Black "Arpan, Das"]
[Result "1-0"]
[WhiteElo "2315"]
[BlackElo "2192"]
[Annotator "NA"]
[PlyCount "91"]
[EventDate "2018.??.??"]
[EventType "team-tourn"]
[EventCountry "IND"]
[SourceTitle "playchess.com"]
[Source "ChessBase"]
[SourceQuality "1"]
[TimeControl "5400+30"]

1. d4 Nf6 2. c4 e6 3. Nc3 c5 4. d5 exd5 5. cxd5 d6 6. Nf3 g6 7. Bf4 a6 8. a4 Bg7 9. e4 O-O 10. Be2 Bg4 11. O-O Re8 12. Nd2 Bxe2 13. Qxe2 Nh5 14. Be3 Nd7 15. g4 Nhf6 16. h3 h6 17. Rfe1 Rb8 18. f3 Nh7 19. Kg2 Qe7 20. a5 Qf8 21. Nc4 Ne5 22. Nb6 Rbd8 23. Qc2 Qe7 24. Rad1 Rf8 25. f4 Nd7 26. Nc4 Rfe8 27. Bf2 h5 28. gxh5 gxh5 29. Qe2 f5 30. e5 dxe5 31. Qxh5 Qf8 32. Bh4 Ndf6 33. Qxf5 exf4 34. Qxf4 Rxe1 35. Rxe1 Bh6 36. Qf5 Rd7 37. Rf1 Rg7+ 38. Kh1 Bg5 39. Bxg5 Rxg5 40. Qe6+ Kg7 41. Ne4 Rxd5 42. Rg1+ Kh8 43. Ne5 Rxe5 44. Qxe5 Qc8 45. Kh2 Qd8 46. Rg6 1-0

[Event "38th IND-chT 2018"]
[Site "Patia"]
[Date "2018.02.11"]
[Round "6"]
[White "Sharma, Dinesh K."]
[Black "Rakesh, Kumar Nayak"]
[Result "*"]
[WhiteElo "2238"]
[BlackElo "2047"]
[Annotator "NA"]
[PlyCount "93"]
[EventDate "2018.??.??"]
[EventType "team-tourn"]
[EventCountry "IND"]
[SourceTitle "playchess.com"]
[Source "ChessBase"]
[SourceQuality "1"]
[TimeControl "5400+30"]

1. e4 d5 2. exd5 Nf6 3. d4 Nxd5 4. c4 Nf6 5. Nc3 g6 6. h3 {B01: Scandinavian Defence} Bg7 7. Nf3 O-O 8. Be2 c6 9. O-O Bf5 10. Bf4 Nbd7 $146 ({Predecessor:} 10... Ne4 11. Qb3 Qb6 12. Qa3 Nxc3 13. bxc3 c5 14. g4 Bc8 15. Rab1 Qe6 16. Rfe1 Na6 {1-0 (30) Ponkratov,P (2610)-Rakhmanov,A (2623) Kaliningrad 2015}) 11. g4 Nxg4 12. hxg4 Bxg4 13. Ne5 Bh3 14. Re1 Nxe5 15. dxe5 Qc8 16. Qd3 Rd8 17. Qe3 Qf5 18. Rad1 h6 19. Bg3 h5 20. Bd3 Qg4 21. Be2 Qf5 22. Qe4 Qe6 23. Qf4 Bf5 24. Bf1 Bg4 25. f3 $18 Bf5 26. Ne4 Qc8 27. b3 b6 28. Be2 Qa6 29. Nc3 Qa5 30. Qe3 h4 31. Bh2 h3 32. Bg3 Qa3 33. Bf1 Qa5 34. Kh2 Bc2 35. Rd2 Bf5 36. Bxh3 Bxh3 37. Kxh3 b5 38. cxb5 cxb5 39. Red1 Rxd2 40. Qxd2 Qc7 41. Nxb5 Qb7 42. Qd5 Qc8+ 43. Kg2 a6 44. Nc7 Qxc7 45. Qxa8+ Kh7 46. Rh1+ Bh6 47. Rxh6+ *